000 00646nmm a2200253 a 4500
003 AR-BaBNM
005 20251128202722.0
008 017019s1985 ||||||||||||||000 | spa||
020 _a950-9004-60-X
040 _cAR-BaBNM
100 1 _aPoletti, Syria
245 1 0 _aAlelí y el payaso Bumbum
250 _a1ª ed.
260 _aBuenos Aires
_bEdiciones de Arte Gaglianone
_c1985
300 0 _a32 p.
_bil.
650 4 _aCUENTO INFANTIL
653 0 _aCUENTO MARAVILLOSO
653 0 _aCUENTO FANTASTICO
653 0 _aCUENTOS ARGENTINOS
655 _aLITERATURA
700 1 _aUrquijo, Clara
_eilustrador
942 _cBK
998 _cMARTIN
999 _c236
_d236